000 01033nam a2200289 a 4500
001 000014093
003 DO-SdBNP
005 20250625134127.0
008 091204s1974 dr ac 001 0 spa d
040 _aDO-SdBNP
_bspa
_cBNPHU
049 _aBNPD
082 _a917.293
_bA174v, 1974
100 1 _aAcevedo, Octavio A.
_931904
245 1 0 _aViaje oficial por el interior de la República /
_cOctavio A. Acevedo.
250 _a2ª. ed.
260 _aSanto Domingo :
_bLa Moderna,
_c1974.
300 _a44 p. :
_bil., retrs. ;
_c22 cm.
490 0 _aPrograma de difusión cultural
490 0 _aEnriquillo
533 _aFacsímil:
_bSanto Domingo :
_cTip. "El Progreso",
_d1918.
650 4 _aCiudades y pueblos
_zRepública Dominicana
_9784
651 4 _aRepública Dominicana
_xDescripciones y viajes
_91651
651 0 _aRepública Dominicana --
_xHistoria --
_y1844-1930
_91009
710 2 _aRepública Dominicana.
_bSecretaría de Estado de Educación
_9607
910 _aValidado. Control de calidad EMS
942 _2ddc
_cLBS1
999 _c13695
_d13695